000 02112cam a22006494i 4500
003 PE-LiUPU
005 20250731170445.0
008 150706s1999 sp r 000 0 spa d
020 _a8449415748
020 _a9788449415746
035 _a(Sirsi) i9788449415746
040 _aPE-LiUPU
_bspa
_cPE-LiUPU
_dPE-LiUPU
_erda
049 _aPRUA
082 0 4 _a155.9042
_bC28
_221
100 1 _aCasas Hilari, Miquel,
_eautor.
245 1 0 _aVivir bajo presión :
_bel estrés /
_cMiquel Casas Hilari.
250 _a2a. edición.
264 1 _aBarcelona :
_bOcéano,
_c1999.
300 _a143 páginas ;
_c22 centímetros.
336 _atext
_2rdacontent
337 _aunmediated
_2rdamedia
338 _avolume
_2rdacarrier
490 0 _aPunto de encuentro
505 0 _aEquilibrio -- La carrera profesional -- El dinero -- Las relaciones -- El hogar -- La salud -- Sólo usted.
526 _aSEG68
526 _aSEG70
526 _aSEG69
526 _aSEG67
526 _aSEG43
526 _aP144
526 _aP143
526 _aP131
526 _aP122
526 _aP120
526 _aP117
526 _aP112
526 _aP110
526 _aP106
526 _aP101
526 _aP80
526 _aP59
526 _aP54
526 _aP35
526 _aP33
526 _aP30
541 _g045-0002132;
650 0 4 _aCiencia
_vObras de divulgación.
650 0 4 _aEstrés (Fisiología)
_xTratamiento.
650 0 4 _aEstrés (Psicología)
_xTratamiento.
650 0 4 _aSalud mental
_vObras de divulgación.
910 _agl
_bjv
_cng
_d20090807
942 _2ddc
_cBOOK
949 _a155.9042 C28
_wDEWEY
_c1
_i59900
_d2015-11-15
_e2015-11-12
_lCCODEBUL1
_mBUL
_n2
_p14.00
_r0
_sY
_tBOOK
_u2015-7-6
_xFCE
_zAGB
_0COMPRA
_o.STAFF. Colección Ciencias de la Salud
994 _aC0
_bPEPRU
596 _a1
999 _a155.9042 C28
_wDEWEY
_c49430
_i59900
_d49430
_e2015-11-12
_f2021-11-3
_g6
_lCCODEBUL1
_mBUL
_n2
_p14.00
_r0
_sY
_tBOOK
_u2015-7-6
_xSALUD
_zUNKNOWN
_0COMPRA
_o.STAFF. Colección Ciencias de la Salud
980 _81
_gALBERTO SANCHEZ Responsable de Automatización